| 000 | 01071cam a2200205 4500 | ||
|---|---|---|---|
| 001 | L136050 | ||
| 008 | 070104n2005 000 0 eng u | ||
| 035 | _a(Sirsi) u136050 | ||
| 041 | 0 | _aeng | |
| 110 | 2 |
_aCB Richard Ellis _93675 |
|
| 245 | 0 | 0 |
_aGlobal marketview _byear end 2005 |
| 260 | _c2005 | ||
| 490 | 0 |
_aGlobal MarketView _v2005 |
|
| 520 | _aDiscusses commercial real estate trends, including prime office yield and rent, and the availability and vacancy in the office, industrial and retail sectors around the World. Concludes that strong business confidence worldwide is fuelling capital spending, creating jobs and generating demand for office and industrial properties. Includes graphs on global business confidence, global trade, Asian prime office take-up and vacancy, industrial and retail rents, warehouse retail indexes, consumer spending and retail sales. | ||
| 590 | _aKA | ||
| 651 | 4 | _aInternational | |
| 690 | _aPROPERTY-COMMERCIAL PROPERTY | ||
| 856 | 4 | 0 |
_uhttps://www.cbre.com/ _zView the item free of charge at www.cbre.com/... |
| 942 | _n0 | ||
| 999 |
_c106294 _d106294 |
||